Código Tributario de Chile.

Αποθηκεύτηκε σε:
Λεπτομέρειες βιβλιογραφικής εγγραφής
Συγγραφή απο Οργανισμό/Αρχή: Chile
Άλλοι συγγραφείς: Magasich Airola, Alvaro Pablo
Μορφή: Άγνωστο
Έκδοση: Valencia, España: Tirant lo Blanch, 2022.
Έκδοση:2ª Edición.
Σειρά:Textos legales
Θέματα:
Ετικέτες: Προσθήκη ετικέτας
Δεν υπάρχουν, Καταχωρήστε ετικέτα πρώτοι!

MARC

LEADER 00000 a2200000 4500
003 CL-VaPUC
005 20241127155653.0
008 220822t2022 ||||| |||| 00| 0 eng d
999 |c 438414  |d 438412 
020 |a 978-84-1397-427-9 
040 |c Pontificia Universidad Católica de Valparaíso 
082 0 4 |a 343.8304 CHI 2022  |2 22 
110 1 |a Chile  |9 890760 
245 |a Código Tributario de Chile. 
250 |a 2ª Edición. 
260 |a Valencia, España:  |b Tirant lo Blanch,  |c 2022. 
300 |a 694 páginas. 
490 |a Textos legales 
500 |a c.1-2. Donación Alvaro Magasich Airola. Memo 018. 08/06/2022 
500
505 |a 2ª edición con Apéndice Legislativo e Índice Analítico. Incluye leyes N.º 21.210, 21.420 y 21.426 -Prólogo. -Decreto Ley N.º 830 Código Tributario. -Libro I. De la Administración, Fiscalización y Pago. -Libro II. De los Apremios y de las Infracciones y Sanciones. -Libro III. De la Competencia para conocer de los Asuntos Contenciosos Tributarios, de los Procedimientos y de la Prescripción. Apéndice: -Decreto con Fuerza de Ley N.º 3 de 1969, que crea el Rol Único Tributario y establece Normas para su Aplicación. -Decreto Ley N.º 824. Sobre Impuesto a la Renta. -Decreto Ley N.º 825. Sobre Impuesto a las Ventas y Servicios. -Decreto Supremo N.º 55, de Hacienda de 1977. Reglamento de la Ley sobre Impuesto a las Ventas y Servicios. -Ley N.º 16.271 sobre Impuesto a las Herencias, Asignaciones y Donaciones, Fijado por el Artículo 8 del D.F.L. N.º 1 de 16.05.2000. -Ley N.º 17.235 sobre Impuesto Territorial. -Decreto Ley N.º 3.475 sobre Impuesto de Timbres y Estampillas. 
583 |k Catalogador Asistente  |c 20210624 
650 1 |a Derecho tributario chileno   |9 485061 
650 1 |a Código tributario   |9 350428 
650 1 |a Impuestos tributarios  |9 501175 
650 1 |a Jurisprudencia tributaria  |9 369427 
700 |a Magasich Airola, Alvaro Pablo   |9 894252 
942 |2 ddc  |c BK 
952 |0 0  |1 0  |2 ddc  |4 0  |6 343_830400000000000_CHI_2022  |7 0  |8 R  |9 586323  |a BIBDER  |b BIBDER  |d 2022-08-22  |e Donación  |i 5654256  |l 2  |m 1  |o 343.8304 CHI 2022  |p 5654256  |r 2023-10-17  |s 2023-10-12  |t 1  |w 2022-08-22  |y BK_R  |k DER 
952 |0 0  |1 0  |2 ddc  |4 0  |6 343_830400000000000_CHI_2022  |7 0  |8 R  |9 586324  |a BIBDER  |b BIBDER  |d 2022-08-22  |e Donación  |i 5654257  |l 1  |o 343.8304 CHI 2022  |p 5654257  |r 2023-01-25  |s 2022-09-27  |t 2  |w 2022-08-22  |y BK_R  |k DER